| 000 | 00546nam a22001337a 4500 | ||
|---|---|---|---|
| 040 | _cRUA | ||
| 082 | _aAVM CHE 2009 B087 Or.1 | ||
| 100 | _aCHEY, SOBUNNA. | ||
| 245 | _aThe study of tricinellosis in pigs in kandal province, ការសិក្សាពីជំងឺTricinellosis ក្នុងសត្វជ្រូកខេត្តកណ្តាល | ||
| 260 |
_aPhnom Penh _bRUA _c2009 |
||
| 300 |
_aviii; 41p. _bill. _c29cm. |
||
| 856 | _uhttps://drive.google.com/file/d/1KP2j1lH7Thl4sOtg1PM9isRuzSVOK_7W/view?usp=sharing | ||
| 942 | _cAVM | ||
| 999 |
_c2321 _d2321 |
||